| 000 | 00389nam a22001337a 4500 | ||
|---|---|---|---|
| 082 | _aCP24 | ||
| 100 |
_aDr Muhammad Maqbool _950904 |
||
| 245 |
_aPlain Reinforced concrete: CE-310 _bCourse Pack _cDr Muhammad Maqbool |
||
| 250 | _aFall Semester 2016 | ||
| 260 |
_aRisalpur _bMCE _c2016 |
||
| 500 | _aCourse Pack OD/CED-82/83 | ||
| 526 |
_a0 _b0 _c0 _dCP_000000000000000_24 |
||
| 942 |
_2ddc _cBKB |
||
| 999 |
_c553649 _d553649 |
||